Statistics for From the Start - Laufey

Click here to take the quiz!

General Stats

  • This quiz has been taken 123 times
  • The average score is 182 of 201

Answer Stats

HintAnswer% Correct
a
100%
an
100%
And
100%
and
100%
around?
100%
do?
100%
Verse 1Don't
100%
don't
100%
else
100%
get
100%
how
100%
I
100%
me
100%
Me
100%
no
100%
notice
100%
on
100%
quiet
100%
the
100%
when
100%
you
100%
silence
99%
there's
99%
awkward
97%
feel
97%
Cupid
96%
dare
96%
look
96%
one
96%
that
96%
ChorusThat
96%
way
96%
at
95%
from
95%
Love
95%
love
95%
start
95%
to
95%
arrow
93%
heart
93%
right
93%
same
93%
shoots
93%
Shoots
93%
through
93%
like
92%
my
92%
talk
92%
walks
92%
confess
91%
Confess
91%
loved
91%
so
91%
But
89%
of
89%
Verse 2Oh
89%
Oh,
89%
too?
88%
burning
87%
it
87%
need
87%
pain
87%
reminders
87%
sound
87%
Listening
86%
blah
83%
new
83%
soulmate
83%
Just
82%
just
82%
loon
82%
say
82%
some
82%
wish
82%
day
80%
perfect"
80%
"She's
80%
up
80%
your
80%
wake
79%
'bout
78%
least
78%
let
76%
Run
76%
girl
74%
harp
74%
Verse 3What's
74%
you'll
71%
bed
70%
know
70%
Lying
70%
staring
67%
is
66%
terrifying
66%
blue
64%
into
64%
thinking
64%
this
64%
driving
63%
bit
62%
I'm
62%
insane
62%
I've
62%
off
61%
telling
61%
Unrequited
61%
chest
59%
Have
59%
today
57%

Score Distribution

Percentile by Number Answered

Percent of People with Each Score

Your Score History

You have not taken this quiz